[Event "Bosnjaci op 23rd"]
[Site "Bosnjaci"]
[Date "2018.01.04"]
[Round "3"]
[White "Ascic, Anto"]
[Black "Mikic, Ivana"]
[Result "1-0"]
[WhiteElo "2122"]
[BlackElo "1681"]
[PlyCount "31"]
[EventDate "2018.01.03"]
[EventType "swiss"]
[EventRounds "9"]
[EventCountry "CRO"]
[SourceTitle "CBM 182 Extra"]
[Source "ChessBase"]
[SourceDate "2018.02.23"]
[SourceVersion "1"]
[SourceVersionDate "2018.02.23"]
[SourceQuality "1"]

1. d4 Nf6 2. Nf3 e6 3. c4 b6 4. g3 Bb7 5. Bg2 c5 6. 0-0 Be7 7. Nc3 d5 8. Ne5 cxd4 9. Qxd4 Nc6 10. Nxc6 Bxc6 11. cxd5 Bc5 12. Qe5 Bd6 13. Qg5 Bxd5 14. Nxd5 Nxd5 15. Qxg7 Rf8 16. Qxh7 1-0

[Event "CRO-chT Cup 22nd"]
[Site "Bol"]
[Date "2013.05.23"]
[Round "3.44"]
[White "Ascic, Anto"]
[Black "Tomasic, Roland"]
[Result "1-0"]
[WhiteElo "2207"]
[BlackElo "2077"]
[PlyCount "181"]
[EventDate "2013.05.22"]
[EventType "team"]
[EventRounds "6"]
[EventCountry "CRO"]
[SourceTitle "CBM 154 Extra"]
[Source "ChessBase"]
[SourceDate "2013.06.25"]
[SourceVersion "2"]
[SourceVersionDate "2013.06.25"]
[SourceQuality "1"]
[WhiteTeam "Slavonski Brod"]
[BlackTeam "Strigova Stridon"]
[WhiteTeamCountry "CRO"]
[BlackTeamCountry "CRO"]

1. d4 f5 2. c4 Nf6 3. Nc3 d6 4. Bg5 Nbd7 5. e3 g6 6. Bd3 Bg7 7. Nge2 e5 8. f3 c6 9. 0-0 Qb6 10. Rb1 0-0 11. b4 Qc7 12. Qb3 Kh8 13. a4 Re8 14. Rbe1 h6 15. Bh4 g5 16. Bf2 Nf8 17. Qc2 f4 18. dxe5 dxe5 19. exf4 gxf4 20. Ne4 Nxe4 21. Bxe4 Be6 22. Rd1 Qf7 23. Rc1 Red8 24. a5 a6 25. Bb6 Rd7 26. Bd3 Bf6 27. b5 Qg8 28. Kh1 Rg7 29. Rg1 cxb5 30. cxb5 axb5 31. Bxb5 Rc8 32. Qd2 Rxc1 33. Qxc1 Ng6 34. Nc3 Nh4 35. Qd2 Qf7 36. Ne4 Be7 37. Qc3 Qh5 38. Bc7 Ng6 39. Be8 Bf7 40. Bd7 Bd5 41. Bg4 Qh4 42. Bxe5 Nxe5 43. Qxe5 Bxe4 44. Qxe4 h5 45. Bh3 Bf8 46. Qf5 Bd6 47. Qc8+ Rg8 48. Qxb7 Re8 49. Bf5 Re7 50. Qc8+ Kg7 51. Be4 Qf6 52. Rd1 Rc7 53. Qe8 Be7 54. Qxh5 Rc5 55. Qh7+ Kf8 56. a6 Ra5 57. a7 Rxa7 58. Bd5 Bc5 59. Qg8+ Ke7 60. Bc4 Bd4 61. Bb5 Qe5 62. h3 Ra1 63. Qe8+ Kf6 64. Qf8+ Ke6 65. Bc4+ Kd7 66. Qf7+ Kc6 67. Rxa1 Bxa1 68. Kh2 Kc5 69. Bd3 Bd4 70. Qa7+ Kb4 71. Qb7+ Kc3 72. Qb1 Qe3 73. Qc2+ Kb4 74. h4 Qg1+ 75. Kh3 Bc3 76. Qb1+ Qxb1 77. Bxb1 Kc5 78. Kg4 Bd2 79. Kf5 Kd6 80. Kf6 Bc3+ 81. Kf7 Kd5 82. h5 Kd4 83. h6 Ke3 84. h7 Kf2 85. Kg8 Kxg2 86. Be4 Kg3 87. h8Q Bxh8 88. Kxh8 Kh4 89. Kg7 Kg5 90. Kf7 Kh6 91. Kf6 1-0

[Event "CRO Cup 21st"]
[Site "Sibenik"]
[Date "2012.05.16"]
[Round "1.74"]
[White "Djuric, Milan"]
[Black "Ascic, Anto"]
[Result "0-1"]
[WhiteElo "2038"]
[BlackElo "2203"]
[PlyCount "86"]
[EventDate "2012.05.16"]
[EventType "team-swiss"]
[EventRounds "6"]
[EventCountry "CRO"]
[SourceTitle "CBM 148 Extra"]
[Source "ChessBase"]
[SourceDate "2012.06.22"]
[SourceVersion "1"]
[SourceVersionDate "2012.06.22"]
[SourceQuality "1"]
[WhiteTeam "Beli Manastir"]
[BlackTeam "Slavonski Brod"]
[WhiteTeamCountry "CRO"]
[BlackTeamCountry "CRO"]

1. c4 e5 2. Nc3 g6 3. Nf3 Bg7 4. e4 Nc6 5. d3 d6 6. Be2 Nge7 7. 0-0 0-0 8. a3 h6 9. b4 a5 10. b5 Nb8 11. Rb1 Nd7 12. Na4 b6 13. Bb2 Bb7 14. Nd2 Nc5 15. Nxc5 dxc5 16. Nf3 Qd6 17. Qc2 Rad8 18. Rfd1 Qe6 19. Ne1 f5 20. f3 g5 21. exf5 Nxf5 22. Qd2 Rf7 23. Nc2 e4 24. fxe4 Bxe4 25. Bxg7 Rxg7 26. Re1 Qd6 27. Rbd1 Nh4 28. Bf1 Bf3 29. Rc1 Rgd7 30. Qe3 Bg4 31. Qe5 Bf5 32. Qxd6 Rxd6 33. Re7 c6 34. Ne3 cxb5 35. Nxf5 Nxf5 36. Rb7 b4 37. axb4 axb4 38. Kf2 Rf6 39. Ra7 Nd4+ 40. Kg1 b3 41. Rb1 Rdf8 42. Raa1 Rf2 43. Rd1 Ne2+ 0-1

[Event "CRO-chT2 East"]
[Site "Osijek"]
[Date "2010.04.24"]
[Round "4.45"]
[White "Ascic, Anto"]
[Black "Caric, Mato"]
[Result "1-0"]
[WhiteElo "2184"]
[BlackElo "1993"]
[PlyCount "57"]
[EventDate "2010.04.17"]
[EventType "team-tourn"]
[EventRounds "11"]
[EventCountry "CRO"]
[SourceTitle "EXT 2012"]
[Source "ChessBase"]
[SourceDate "2011.11.24"]
[SourceVersion "1"]
[SourceVersionDate "2011.11.24"]
[SourceQuality "1"]

1. d4 Nf6 2. c4 g6 3. Nc3 Bg7 4. e4 d6 5. Be2 0-0 6. Nf3 e5 7. Be3 Nc6 8. d5 Ne7 9. Nd2 Ne8 10. 0-0 f5 11. f3 f4 12. Bf2 g5 13. c5 Rf6 14. Rc1 Rg6 15. Nc4 h5 16. Nb5 b6 17. b4 Bd7 18. Nxc7 Qxc7 19. cxd6 Rxd6 20. Nxb6 axb6 21. Rxc7 Nxc7 22. Bxb6 Rxb6 23. d6 Ba4 24. Qc1 Rxd6 25. Qxc7 Rd7 26. Qc5 Kh7 27. b5 Rc8 28. Qb4 Rd4 29. Qxe7 1-0

[Event "CRO-chT2 East"]
[Site "Osijek"]
[Date "2010.04.24"]
[Round "5.45"]
[White "Zubak, Zeljko"]
[Black "Ascic, Anto"]
[Result "0-1"]
[WhiteElo "1994"]
[BlackElo "2184"]
[PlyCount "116"]
[EventDate "2010.04.17"]
[EventType "team-tourn"]
[EventRounds "11"]
[EventCountry "CRO"]
[SourceTitle "EXT 2012"]
[Source "ChessBase"]
[SourceDate "2011.11.24"]
[SourceVersion "1"]
[SourceVersionDate "2011.11.24"]
[SourceQuality "1"]

1. d4 d5 2. c4 e6 3. Nc3 Nf6 4. Bg5 Nbd7 5. e3 c6 6. Bd3 Qa5 7. Bxf6 Nxf6 8. Nf3 Bb4 9. Qb3 dxc4 10. Bxc4 Nd5 11. Rc1 0-0 12. 0-0 Nxc3 13. bxc3 Bd6 14. e4 Qc7 15. e5 Be7 16. Bd3 c5 17. Bb1 b6 18. Rfe1 Bb7 19. Nd2 Rac8 20. Qc2 g6 21. f4 cxd4 22. cxd4 Qxc2 23. Rxc2 Bb4 24. Rd1 Rxc2 25. Bxc2 Rc8 26. Bb3 Bd5 27. Bxd5 exd5 28. Nf1 Rc3 29. Rd2 Ra3 30. Rd1 Rxa2 31. Ne3 Ra5 32. Kf2 Kf8 33. g4 Ke7 34. f5 Kd7 35. Kf3 Bc3 36. Rd3 Bb2 37. h4 Ra4 38. Nxd5 Rxd4 39. Rxd4 Bxd4 40. Ke4 Bb2 41. Nf6+ Ke7 42. Nxh7 a5 43. h5 gxh5 44. gxh5 a4 45. h6 a3 46. Nf6 a2 47. h7 Bxe5 48. h8Q Bxf6 49. Qc8 a1Q 50. Qc7+ Ke8 51. Qc6+ Kf8 52. Qd6+ Be7 53. Qh6+ Qg7 54. Qxb6 Qg2+ 55. Kf4 Bg5+ 56. Ke5 Qe2+ 57. Kd5 Qd3+ 58. Ke5 Qe3+ 0-1

[Event "Borovo op"]
[Site "Borovo"]
[Date "2010.01.03"]
[Round "2"]
[White "Martinovic, Slobodan"]
[Black "Ascic, Anto"]
[Result "1-0"]
[WhiteElo "2440"]
[BlackElo "2180"]
[PlyCount "73"]
[EventDate "2010.01.02"]
[EventType "swiss"]
[EventRounds "9"]
[EventCountry "CRO"]
[SourceTitle "CBM 134 Extra"]
[Source "ChessBase"]
[SourceDate "2010.03.03"]
[SourceVersion "1"]
[SourceVersionDate "2010.03.03"]
[SourceQuality "1"]

1. e4 e5 2. Bc4 Nf6 3. d3 Bc5 4. Nf3 d6 5. 0-0 0-0 6. Bb3 c6 7. c3 Bb6 8. Nbd2 Qe7 9. Re1 Be6 10. Bc2 Nbd7 11. h3 Ne8 12. d4 f6 13. Nf1 g6 14. a4 Ng7 15. a5 Bc7 16. Ne3 Bf7 17. d5 c5 18. Bd3 Rfb8 19. Qe2 Nf8 20. b4 Be8 21. bxc5 dxc5 22. Qa2 Kh8 23. Nc4 Bd7 24. Be3 Bd6 25. Reb1 Be8 26. Nxd6 Qxd6 27. Nd2 Nd7 28. Rb2 Bf7 29. Rab1 b6 30. Qa4 Be8 31. Bb5 Nf8 32. Nc4 Qd8 33. Bc6 Bxc6 34. Qxc6 Qe7 35. Qd6 Qxd6 36. Nxd6 bxa5 37. Rb7 1-0

[Event "CRO-Cup 18th"]
[Site "Sibenik"]
[Date "2009.05.24"]
[Round "5"]
[White "Ascic, Anto"]
[Black "Kruljac, Petra"]
[Result "1-0"]
[WhiteElo "2156"]
[BlackElo "2103"]
[PlyCount "101"]
[EventDate "2009.05.20"]
[EventType "team-tourn"]
[EventRounds "5"]
[EventCountry "CRO"]
[SourceTitle "CBM 130 Extra"]
[Source "ChessBase"]
[SourceDate "2009.07.02"]
[SourceVersion "2"]
[SourceVersionDate "2009.07.15"]
[SourceQuality "1"]

1. d4 d5 2. c4 c6 3. Nf3 Nf6 4. Nc3 a6 5. cxd5 cxd5 6. Bf4 Nc6 7. Rc1 e6 8. e3 Bd6 9. Bxd6 Qxd6 10. Bd3 b5 11. 0-0 Bb7 12. a4 b4 13. Nb1 0-0 14. Nbd2 e5 15. dxe5 Nxe5 16. Nxe5 Qxe5 17. Qb3 Qd6 18. Nf3 Rac8 19. Bf5 Rcd8 20. Nd4 g6 21. Bd3 Ng4 22. Nf3 a5 23. h3 Nf6 24. Nd4 Rc8 25. Bb5 Ne4 26. Qd3 Nc5 27. Qe2 Ne6 28. Nb3 Qb6 29. Qd2 Rfd8 30. Rfd1 Ng5 31. Qd4 Qxd4 32. exd4 Ne6 33. Nxa5 Ba8 34. Nb3 Nc7 35. Bf1 Ne6 36. Ba6 Rb8 37. g3 Rb6 38. Bb5 Ng5 39. Kg2 Ne4 40. Nc5 f5 41. Nd7 Re6 42. Ne5 Nd6 43. Bc6 Ne4 44. h4 b3 45. Rd3 Rc8 46. Bxa8 Rxa8 47. Rxb3 Rea6 48. Rc7 Rxa4 49. Rbb7 Nd6 50. Rg7+ Kf8 51. Rbe7 1-0

[Event "Zadar op-B 13th"]
[Site "Zadar"]
[Date "2006.12.14"]
[Round "6.2"]
[White "Mihalj, M Miroslav"]
[Black "Ascic, Anto"]
[Result "1-0"]
[WhiteElo "2298"]
[BlackElo "2201"]
[PlyCount "61"]
[EventDate "2006.12.11"]
[EventType "swiss"]
[EventRounds "9"]
[EventCountry "CRO"]
[SourceTitle "CBM 115 Extra"]
[Source "ChessBase"]
[SourceDate "2007.01.10"]
[SourceVersion "1"]
[SourceVersionDate "2007.01.10"]
[SourceQuality "1"]

1. d4 Nf6 2. Nc3 d5 3. Bg5 Nbd7 4. Nf3 c6 5. e3 Qa5 6. Bd3 Ne4 7. 0-0 Nxg5 8. Nxg5 Nf6 9. e4 h6 10. Nxf7 Kxf7 11. e5 Bg4 12. f3 Be6 13. exf6 exf6 14. f4 Bd6 15. Qh5+ Kg8 16. Bg6 Qc7 17. Rae1 Bf7 18. f5 Kf8 19. Re2 Bxg6 20. fxg6 Re8 21. Rxf6+ gxf6 22. Rxe8+ Kg7 23. Rxh8 Kxh8 24. Qxh6+ Kg8 25. Ne2 Qe7 26. Kf2 c5 27. Qh7+ Qxh7 28. gxh7+ Kxh7 29. dxc5 Bxc5+ 30. Kf3 Kg6 31. Nf4+ 1-0

[Event "Zadar op-B 13th"]
[Site "Zadar"]
[Date "2006.12.13"]
[Round "4.4"]
[White "Kukov, Velislav"]
[Black "Ascic, Anto"]
[Result "1/2-1/2"]
[WhiteElo "2265"]
[BlackElo "2201"]
[PlyCount "66"]
[EventDate "2006.12.11"]
[EventType "swiss"]
[EventRounds "9"]
[EventCountry "CRO"]
[SourceTitle "CBM 115 Extra"]
[Source "ChessBase"]
[SourceDate "2007.01.10"]
[SourceVersion "1"]
[SourceVersionDate "2007.01.10"]
[SourceQuality "1"]

1. d4 Nf6 2. Nf3 e6 3. c3 b6 4. Bg5 Be7 5. Nbd2 Bb7 6. e3 Ne4 7. Bxe7 Qxe7 8. Nxe4 Bxe4 9. Nd2 Bb7 10. Bd3 d6 11. Qe2 Nd7 12. 0-0-0 0-0-0 13. Ba6 Nb8 14. Bxb7+ Kxb7 15. Kb1 c5 16. Nb3 a6 17. Rd2 Nc6 18. Rhd1 e5 19. dxc5 dxc5 20. Qg4 Qf6 21. Rd7+ Kb8 22. Qe4 Qg6 23. Qxg6 hxg6 24. h3 Kc8 25. Rxd8+ Rxd8 26. Rxd8+ Kxd8 27. Nd2 Kd7 28. Kc2 f6 29. Kd3 Ne7 30. e4 Kc6 31. b3 b5 32. Nf1 Kd6 33. Ne3 Ke6 1/2-1/2

[Event "CRO Cup"]
[Site "Rabac"]
[Date "2003.05.26"]
[Round "1"]
[White "Mufic, Goran"]
[Black "Ascic, Anto"]
[Result "1/2-1/2"]
[WhiteElo "2353"]
[BlackElo "2233"]
[PlyCount "25"]
[EventDate "2003.05.26"]
[EventType "team"]
[EventRounds "5"]
[EventCountry "CRO"]
[SourceTitle "CBM 094 Extra"]
[Source "ChessBase"]
[SourceDate "2003.07.09"]
[SourceVersion "2"]
[SourceVersionDate "2003.07.09"]
[SourceQuality "1"]

1. d4 d5 2. Nf3 Nf6 3. Bf4 c6 4. e3 Bf5 5. c4 e6 6. Nc3 Be7 7. Qb3 Qb6 8. c5 Qxb3 9. axb3 Nbd7 10. b4 Nh5 11. b5 Nxf4 12. exf4 0-0 13. b4 1/2-1/2

[Event "Bosnjaci op 7th"]
[Site "Bosnjaci"]
[Date "2001.01.06"]
[Round "4"]
[White "Sipic, Hrvoje"]
[Black "Ascic, Anto"]
[Result "1/2-1/2"]
[WhiteElo "2061"]
[BlackElo "2267"]
[PlyCount "80"]
[EventDate "2001.01.03"]
[EventType "swiss"]
[EventRounds "7"]
[EventCountry "CRO"]
[SourceTitle "CBM 080 Extra"]
[Source "ChessBase"]
[SourceDate "2001.03.08"]
[SourceVersion "1"]
[SourceVersionDate "2001.03.08"]
[SourceQuality "1"]

1. d4 Nf6 2. Nf3 e6 3. Bf4 c5 4. e3 Qb6 5. Qc1 Nc6 6. c3 d5 7. Nbd2 Bd7 8. Rb1 Rc8 9. Qd1 cxd4 10. exd4 Na5 11. Bd3 Bb5 12. Qe2 Bxd3 13. Qxd3 Be7 14. 0-0 Nh5 15. Be5 f6 16. Bg3 Nxg3 17. hxg3 0-0 18. Rfe1 Rfe8 19. g4 Rcd8 20. Qe3 e5 21. dxe5 Bc5 22. Qe2 Nc6 23. e6 Ne5 24. b4 Bd6 25. Nd4 Nc6 26. Nf5 Be5 27. c4 Rxe6 28. Qf1 g6 29. cxd5 Rxd5 30. Qc4 Qb5 31. Ne3 Qxc4 32. Nexc4 b5 33. Nxe5 Rexe5 34. Rxe5 Nxe5 35. Ne4 Kf7 36. f3 Rd4 37. Nc5 Rd2 38. a4 bxa4 39. Ra1 Nd7 40. Ne4 Rd4 1/2-1/2

[Event "CRO-Cup"]
[Site "Pula"]
[Date "2000.??.??"]
[Round "1"]
[White "Ascic, Anto"]
[Black "Kutuzovic, Branko"]
[Result "0-1"]
[WhiteElo "2249"]
[BlackElo "2432"]
[PlyCount "112"]
[EventDate "2000.??.??"]
[EventType "team"]
[EventRounds "5"]
[EventCountry "CRO"]
[SourceTitle "EXT 2001"]
[Source "ChessBase"]
[SourceDate "2000.11.22"]
[SourceVersion "1"]
[SourceVersionDate "2000.11.22"]
[SourceQuality "1"]

1. d4 g6 2. c4 Bg7 3. e4 d6 4. Be2 Nc6 5. Nf3 e5 6. Be3 exd4 7. Nxd4 Nge7 8. Nc3 0-0 9. 0-0 f5 10. exf5 Bxd4 11. Bxd4 Nxf5 12. Be3 Nxe3 13. fxe3 Rxf1+ 14. Qxf1 Be6 15. Qf4 Qe7 16. Rf1 Kg7 17. Ne4 Re8 18. b3 Bf5 19. Ng3 Qxe3+ 20. Qxe3 Rxe3 21. Nxf5+ gxf5 22. Bf3 Nd8 23. c5 Rd3 24. cxd6 Rxd6 25. Rc1 c6 26. Rc5 Kf6 27. g4 fxg4 28. Bxg4 Rd5 29. Rc4 Rd2 30. a4 Ke5 31. Bf3 Rd4 32. Rc5+ Kf4 33. Be2 Ne6 34. Rh5 Rd2 35. Bc4 Ng5 36. Kf1 Rd7 37. Ke2 Nf3 38. Bd3 Nd4+ 39. Kd2 Nxb3+ 40. Kc3 Nd4 41. Rh4+ Ke5 42. Re4+ Kf6 43. Rxd4 Rxd4 44. Kxd4 h6 45. Be2 Ke6 46. h4 Kd6 47. h5 a5 48. Bc4 b5 49. Ba2 bxa4 50. Ke4 Kc5 51. Kf5 Kb4 52. Kg6 c5 53. Kxh6 c4 54. Kg6 c3 55. Bb1 a3 56. h6 c2 0-1